| 000 | 00414nam a2200169Ia 4500 | ||
|---|---|---|---|
| 003 | LK-CoDNM | ||
| 005 | 20240808094921.0 | ||
| 008 | 010623t1898 xxu||||| |||| 00| 1 fra d | ||
| 040 |
_aLK-CoDNM _dLK-CoDNM _eLK-CoDNM |
||
| 041 | _afra | ||
| 080 |
_a16 _bV16 |
||
| 100 | _aDe Haan,F. | ||
| 245 | _aDe Portugeesche Buitenkerk | ||
| 260 |
_bG.Kolff and Company _c1898 |
||
| 300 | _b79p. : ill ; 15 cm | ||
| 942 | _cBK | ||
| 999 |
_c84592 _d84592 |
||